00617cam a22001813a 450000100060000000300060000600500170001200800410002904000150007004200070008510000210009224501720011326000290028550600300031451600200034483000290036485600420039341017PGUSA20140828083925.0121010s2012||||xxu|||||s|||||000 | eng d aPGUSAbeng adc1 aCreswicke, Louis10aSouth Africa and the Transvaal War, Vol. V (of VI) :bFrom the Disaster at Koorn Spruit to Lord Roberts's entry into Pretoriah[electronic resource] /cLouis Creswicke bProject Gutenberg,c2012 aPublic domain in the USA. aElectronic text 0aProject Gutenbergv4101740uhttp://www.gutenberg.org/ebooks/41017